Les clubs des champions du monde 2018 - Choix multiples - Statistiques

Statistiques générales
  • Ce quiz a été pris 76 fois
  • Le résultat moyen est 15 sur 23
Statistiques - réponses
Question Réponse % Correct
Hugo Lloris Tottenham Hotspur
100%
N'Golo Kante Chelsea
89%
Samuel Umtiti FC Barcelone
89%
Presnel Kimpembe Paris Saint-Germain
89%
Raphaël Varane Real Madrid
89%
Antoine Griezmann Atletico Madrid
78%
Benjamin Mendy Manchester City
78%
Steve Mandanda Olympique de Marseille
78%
Florian Thauvin Olympique de Marseille
78%
Djibril Sidibé AS Monaco
67%
Corentin Tolisso Bayern Munich
67%
Steven Nzonzi FC Séville
67%
Adil Rami Olympique de Marseille
67%
Nabil Fekir Olympique Lyonnais
67%
Lucas Hernandez Atletico Madrid
56%
Ousmane Dembele FC Barcelone
56%
Blaise Matuidi Juventus
56%
Paul Pogba Manchester United
56%
Alphonse Areola Paris Saint-Germain
56%
Kylian Mbappe Paris Saint-Germain
56%
Benjamin Pavard VfB Stuttgart
44%
Thomas Lemar AS Monaco
33%
Olivier Giroud Chelsea
33%
Aucun quiz correspondant
Distribution des résultats
% des personnes avec chaque résultat
Percentile par nombre de réponses
Votre historique - résultats
Vous n’avez pas pris ce quiz